LEADER 01181nam0 22002771i 450 001 UON00301450 005 20231205104006.666 010 $a84-8198-648-8 100 $a20071002d2006 |0itac50 ba 101 $amul 102 $aCH 105 $a|||| ||||| 200 1 $aGuinea Ecuatorial$eBibliografia general XIV/1-2$eReferencias 43204-54015$fMax Liniger-Goumaz 210 $aGneneve$cLes Editions du Temps$d2006 215 $a2 v.$d21 cm 606 $aGUINEA EQUATORIALE$xBibliografia$3UONC023744$2FI 620 $aCH$dGenève$3UONL003003 676 $a016.96718$cBIBLIOGRAFIA DELLA GUINEA EQUATORIALE$v21 700 1$aLINIGER-GOUMAZ$bMax$3UONV048491$0243927 712 $aEditions du temps$3UONV257832$4650 801 $aIT$bSOL$c20240220$gRICA 912 $aUON00301450 950 $aSIBA - SISTEMA BIBLIOTECARIO DI ATENEO$dSI AFR ST Bibl 105/14,1 $eSI AA 28771 5 105/14,1 950 $aSIBA - SISTEMA BIBLIOTECARIO DI ATENEO$dSI AFR ST Bibl 105/14,2 $eSI AA 28772 5 105/14,2 996 $aGuinea Ecuatorial$91238746 997 $aUNIOR